=LDR 00000nam 2200000 4500 =001 INLIS000000000043819 =005 20131008103824 =008 ***********************************eng** =035 ##$$0010-101300000001741 =041 ##$$a eng =082 ##$$a 828.83 =090 ##$$a 828.832, Cha-j =100 ##$$a Chapman, F.Spences =245 ##$$a The Jungle is neurol, F.Spences =260 ##$$b The Genggle is Neurmal =300 ##$$a 210 : hlm, 21 cm =650 ##$$a Kesusastraan Inggris _Penulisan =850 ##$$a NBPNMAT